000 00715nam a2200229Ia 4500
003 GCL
008 140319s9999 xx 000 0 ara d
040 _aGCL /
_cGCL
082 0 4 _a953
_bس م
100 1 _aسيدة اسماعيل الكاشف
245 1 0 _aمصادر التاريخ الاسلامى ومناهج البحث فيه /
_cسيدة اسماعيل الكاشف
260 _a[S.N] :
_bمكتبة الخانجى ،
_c1976
300 _a104 ص
490 _a
650 0 4 _aالتراث
650 0 4 _aالتاريخ الاسلامى
650 0 4 _aالتاريخ
650 0 4 _aالعلوم عند العرب
650 0 4 _aالمؤرخون العرب
650 0 4 _aمصادر
942 _2ddc
_cBK
999 _c36792
_d36792